000 00696nam a22001937a 4500
005 20250718095606.0
008 250718b |||||||| |||| 00| 0 eng d
020 _a978-1-305-94754-2
050 _aHD30.215 .A43 2017
100 _aALBRIGHT, S. CHRISTIAN
245 _aBUSINESS ANALYTICS: DATA ANALYSIS AND DECISION MAKING
250 _a6
260 _aBOSTON, MA,
_bCENGAGE LEARNING,
_c 2017
300 _aXXV, 952P.:ILL
500 _aINCLUDES BIBLIOGRAPHICAL REFERENCES AND INDEX
650 _a 1. MICROSOFT EXCEL (COMPUTER FILE) 2. INDUSTRIAL MANAGEMENT--STATISTICAL METHODS--COMPUTER PROGRAMS 3. DECISION MAKING--COMPUTER PROGRAMS
700 _aWINSTON, WAYNE L.
942 _2lcc
_cBK
999 _c215932
_d215932